00980nam a2200277Ia 450000500170000000800270001702000180004410000240006224501390008625000340022530000400025953400250029965000360032465000270036065000360038770000390042370000430046294200150050526400330052033600270055333700330058033800280061304000350064108400110067699900150068720220317000345.0141031s9999 ck 000 0 spa d a97895830193331 aBauchau, Christiane13aLa balada de los juguetes cChristiane Bauchau ; ilustrado por Isabelle Borne ; traducción del francés Margarita Contreras Bothelo a1 ediciónb1a reimpresión a89 páginasbilustracionesc17 cm. tLa balade des jouets142LEMBaCuentos infantiles belgas142LEMBaLiteratura belga142LEMBaJuguetes en la literatura1 aBorne, Isabelleeilustrador9179221 aContreras, Margaritaetraductor917923 2loccBKINF aBogotábPanamericanac2011 atextobtxt2rdacontent asin mediaciónbn2rdamedia avolumenbnc2rdacarrier aCO-BoRNBPbspaerdacCO-BoRNBP aC BAU1 c3819d3819